| 000 | 00472pab a2200157 454500 | ||
|---|---|---|---|
| 008 | 180718b2003 xxu||||| |||| 00| 0 eng d | ||
| 100 | _aSaxena, Rekha | ||
| 245 | _aInter-governmental relations in Canada and India | ||
| 260 | _c2003 | ||
| 300 | _ap.49-70. | ||
| 650 | _aInter governmental relations - Canada | ||
| 650 | _aInter governmental relations - India | ||
| 650 | _aInter governmental relations | ||
| 773 | _aIndian Journal of Federal Studies | ||
| 909 | _a58642 | ||
| 999 |
_c58642 _d58642 |
||